000 00307nam a2200121 a 4500
005 20140414093830.0
008 970110s19uu xx 00 eng d
050 _aVHS SD
_bR 02
245 _aPower Dressing Seminar. Aug 27, 1999/
_cDelby Bragais.
260 _c08/27/99.
942 _cAVM
999 _c108647
_d108647